000 00521ntaaa2200193 4500
003 01
005 20251027202733.0
008 0714s1973 ag 01
040 _aAR-BaBN
_bspa
_cAR-BaBN
_eaacr
_dRIC
082 _a709.0100 P65b
100 _aPinero, Enrique J
_927363
245 _aBosquejo del arte faraonico
250 _a1 ed.
260 _aBuenos Aires :
_bMariano Moreno,
_c1980
300 _a248 p ;
_cfts. : 22 cm
500 _aContiene referencias bibliograficas
650 _aarte egiptio
_927364
942 _cBK
999 _c22621
_d22621